The Corinthian correspondence / (Record no. 4384)

MARC details
000 -LEADER
fixed length control field 00733cam a2200241 i 4500
001 - CONTROL NUMBER
control field 2690917
003 - CONTROL NUMBER IDENTIFIER
control field GBCCL
005 - DATE AND TIME OF LATEST TRANSACTION
control field 20241126110517.0
008 - FIXED-LENGTH DATA ELEMENTS--GENERAL INFORMATION
fixed length control field 760720s1976 moub 000 0 eng
010 ## -
-- 75043157
020 ## - INTERNATIONAL STANDARD BOOK NUMBER
International Standard Book Number 0882438921 :
Terms of availability $1.25
040 ## - CATALOGING SOURCE
Original cataloging agency DLC
Transcribing agency DLC
Modifying agency DLC
050 00 -
-- BS2675.2
-- .S67
082 00 - DEWEY DECIMAL CLASSIFICATION NUMBER
Classification number 227.206
Item number SPI
100 1# - MAIN ENTRY--PERSONAL NAME
Personal name Spittler, Russell P.
9 (RLIN) 8229
245 14 - TITLE STATEMENT
Title The Corinthian correspondence /
Statement of responsibility, etc. Russell P. Spittler.
260 ## - PUBLICATION, DISTRIBUTION, ETC.
Place of publication, distribution, etc. Springfield, Mo. :
Name of publisher, distributor, etc. Gospel Pub. House,
Date of publication, distribution, etc. c1976.
300 ## - PHYSICAL DESCRIPTION
Extent 125 p. :
Other physical details map ;
Dimensions 18 cm.
490 0# - SERIES STATEMENT
Series statement Radiant books
630 00 - SUBJECT ADDED ENTRY--UNIFORM TITLE
Uniform title Bible.
Name of part/section of a work Corinthians
General subdivision Criticism, interpretation, etc.
9 (RLIN) 8230
906 ## - LOCAL DATA ELEMENT F, LDF (RLIN)
a 7
b cbc
c orignew
d 2
e ocip
f 19
g y-gencatlg
942 ## - ADDED ENTRY ELEMENTS (KOHA)
Source of classification or shelving scheme Dewey Decimal Classification
Koha item type Books
Koha issues (borrowed), all copies 8
Holdings
Withdrawn status Lost status Source of classification or shelving scheme Damaged status Not for loan Home library Current Library Shelving location Date acquired Total checkouts Total renewals Full call number Barcode Date last seen Date last checked out Copy number Price effective from Koha item type
    Dewey Decimal Classification     GRACE BIBLE COLLEGE GRACE BIBLE COLLEGE Biblical Studies 2018-01-19 8 2 227.206 SPI 008971 2025-05-01 2019-09-24 c.1 2018-01-19 Books
© Grace Bible College Library 2025